|
|
|
|
| LEADER |
00000nam0a2200000 4500 |
| 001 |
31966 |
| 005 |
20231101210053.0 |
| 010 |
|
|
|a 5217013192
|
| 035 |
|
|
|a (RuTPU)RU\TPU\book\32261
|
| 035 |
|
|
|a BOOK00000340
|
| 090 |
|
|
|a 31966
|
| 100 |
|
|
|a 20011210d1992 m y0rusy50 ca
|
| 101 |
0 |
|
|a rus
|
| 102 |
|
|
|a RU
|
| 105 |
|
|
|a a j 001zy
|
| 200 |
1 |
|
|a Допуски и посадки
|e учебное пособие
|f И. М. Белкин
|
| 210 |
|
|
|a Москва
|c Машиностроение
|d 1992
|
| 215 |
|
|
|a 526 с.
|c ил.
|
| 225 |
1 |
|
|a Для вузов
|
| 320 |
|
|
|a Библиогр.: с. 517.
|
| 320 |
|
|
|a Предм. указ.: с. 518-527.
|
| 530 |
1 |
|
|a Основные нормы взаимозаменяемости
|
| 606 |
1 |
|
|a Допуски и посадки
|x Стандартизация
|2 stltpush
|3 (RuTPU)RU\TPU\subj\10009
|9 37150
|
| 610 |
1 |
|
|a металлообработка
|
| 610 |
1 |
|
|a машиностроение
|
| 610 |
1 |
|
|a взаимозаменяемость
|
| 610 |
1 |
|
|a ЕСДП
|
| 610 |
1 |
|
|a поверхности
|
| 610 |
1 |
|
|a шероховатость
|
| 610 |
1 |
|
|a подшипники качения
|
| 610 |
1 |
|
|a шлицевые соединения
|
| 610 |
1 |
|
|a шпоночные соединения
|
| 610 |
1 |
|
|a метрические резьбы
|
| 610 |
1 |
|
|a конические соединения
|
| 610 |
1 |
|
|a размерные цепи
|
| 610 |
1 |
|
|a учебные пособия
|
| 675 |
|
|
|a 621.753.1(075.8)
|v 3
|
| 700 |
|
1 |
|a Белкин
|b И. М.
|g Иван Михайлович
|
| 801 |
|
0 |
|a RU
|b 63413507
|c 20011210
|g PSBO
|
| 801 |
|
2 |
|a RU
|b 63413507
|c 20220415
|g PSBO
|
| 942 |
|
|
|c BK
|